ម៉ាកតាំង លូធ័រ ឃីង / (Record no. 3595)

MARC details
000 -LEADER
fixed length control field 04410nam a22002897a 4500
001 - CONTROL NUMBER
control field 3595
003 - CONTROL NUMBER IDENTIFIER
control field FISKH
005 - DATE AND TIME OF LATEST TRANSACTION
control field 20250530114443.0
008 - FIXED-LENGTH DATA ELEMENTS--GENERAL INFORMATION
fixed length control field 240321b cb ||||| |||| 00| 0 eng d
020 ## - INTERNATIONAL STANDARD BOOK NUMBER
International Standard Book Number 9789995054496
040 ## - CATALOGING SOURCE
Original cataloging agency FISKH
Language of cataloging khr
Transcribing agency FISKH
Modifying agency FISKH
050 ## - LIBRARY OF CONGRESS CALL NUMBER
Classification number PZ7
082 ## - DEWEY DECIMAL CLASSIFICATION NUMBER
Classification number 323.09
100 ## - MAIN ENTRY--PERSONAL NAME
Personal name Brigitte Labbe
245 ## - TITLE STATEMENT
Title ម៉ាកតាំង លូធ័រ ឃីង /
Statement of responsibility, etc. និពន្ធដោយ Brigitt Labbe និង Michel Puech ; រូបភាពដោយ​ Jean-Pierre Joblin
250 ## - EDITION STATEMENT
Edition statement ការបោះពុម្ពផ្សាយជាភាសាខ្មែរ នៅឆ្នាំ​ ២០១០​
260 ## - PUBLICATION, DISTRIBUTION, ETC.
Place of publication, distribution, etc. Phnom Penh :
Name of publisher, distributor, etc. Sipar,
Date of publication, distribution, etc. 2003
300 ## - PHYSICAL DESCRIPTION
Extent 44 pages :
Other physical details color illustrations ;
Dimensions 20 cm
520 ## - SUMMARY, ETC.
Summary, etc. លោក​ម៉ាទីន ឡូតធឺ ឃីង (ថ្ងៃទី១៥ ខែមករា ឆ្នាំ១៩២៩ ដល់ ថ្ងៃទី៤ ខែមេសា ឆ្នាំ១៩៦៨) គឺជា អ្នកបួសមួយរូប ជនជាតិអាមេរិចកាំង, ជាអ្នកសកម្មនិយម និង ជាអ្នកដឹកនាំ ដ៏ពូកែ ក្នុងចលនាទាមទាសិទ្ឋិ ប្រជាពលរដ្ធ នៃជនជាតិអាមេរិចកាំង, ​ជាតិអាហ្រ្វិក។ ស្នាដៃ ដ៏សំខាន់បំផុត របស់លោកម៉ាទីន ឡូតធឺ ឃីងនោះ គឺកាពង្រឹង យ៉ាងមាំមួន ចំពោះដំនើរការទៅលើសិទ្ឋិសេរីភាព របស់ប្រជាពលរដ្ធ នៅក្នុងសហរដ្ធអាមេរិក ហើយ គាត់បានក្លាយ ជានិមិត្តរូបមួយនៃសិទ្ឋិមនុស្ស ហើយចំពោះ លោក ឃីង គឺត្រូវបានទទួលស្គាល់ជាអ្នក ដែលទទួលរងទុក្ខជាច្រើន ដោយព្រះវិហារនៃគ្រិស្តសាសនិក។ លោក ឃីងក្លាយជាសកម្មនិយមមុនគេបង្អស់ក្នុងការទាមទាសិទ្ឋិ អោយប្រជាពលរដ្ឋនៅក្នុងកិច្ចការងារ របស់លោក។ គាត់បានដឹកនៃក្រុម Montgomery Bus Boycott ក្នុងឆ្នាំ១៩៥៥ ហើយ បានជួយ បង្កើតការ ប្រជុំចំពោះ ភាពជាអ្នកដឹកនាំរបស់គ្រិស្តសាសនិកភាគ ខាងត្បូងក្នុង ឆ្នាំ១៩៥៧ ហើយ បានជួយបម្រើដូចជាប្រធានាធិបតីទីមួយ។ ការខំប្រឹងប្រែងរបស់លោក ឃីង គឺដឹកនាំនៅក្នុងទីក្រុងវ៉ាស៊ីនតោនខែមីន ឆ្នាំ១៩៦៣​ និងជាកន្លែងដែលលោក ឃីង អោយនូវពាក្យសំដីរបស់គាត់ គឺ៖ ខ្ញុំមានក្តីសង្ឃឹម។
520 ## - SUMMARY, ETC.
Summary, etc. Martin Luther King, Jr. (January 15, 1929 - April 4, 1968) was an American clergyman, activist, and prominent figure in the national civil rights movement. American, African. Martin Luther King, Jr.'s most important work was to strengthen the process of civil liberties in the United States and he has become a symbol of human rights, and for King is recognized as one of the many victims of the Christian church. King became the first activist to demand the rights of the people in his work. He led the Montgomery Bus Boycott in 1955, helped organize the Southern Christian Leadership Conference in 1957, and served as first president. King's efforts were directed in Washington, DC, March 1963, and where King gave his words: I have hope.
650 ## - SUBJECT ADDED ENTRY--TOPICAL TERM
Topical term or geographic name entry element អ្នកប្រឆាំងបែបអហិង្សារ
650 ## - SUBJECT ADDED ENTRY--TOPICAL TERM
Topical term or geographic name entry element Nonviolent Opposition
700 ## - ADDED ENTRY--PERSONAL NAME
Personal name Puech, Michel.
Relator term Author
700 ## - ADDED ENTRY--PERSONAL NAME
Personal name Joblin, Jean-Pierre.
Relator term Illustrator
942 ## - ADDED ENTRY ELEMENTS (KOHA)
Source of classification or shelving scheme Dewey Decimal Classification
Koha item type Khmer Books
Suppress in OPAC No
Holdings
Withdrawn status Lost status Source of classification or shelving scheme Damaged status Not for loan Collection Home library Current library Shelving location Date acquired Total Checkouts Full call number Barcode Date last seen Copy number Price effective from Koha item type Date last checked out
    Dewey Decimal Classification     Khmer Non-Fiction / សៀវភៅខ្មែរ រឿងពិត Footprints International School Library Network Toul Kork Campus Footprints International School Library Network Toul Kork Campus TK Old Khmer Books (Rear Hallway Shelf 3) 03/21/2024   BRI 323.09 PZ7 FISTK03754 03/21/2024 1 03/21/2024 Khmer Books  
    Dewey Decimal Classification     Khmer Non-Fiction / សៀវភៅខ្មែរ រឿងពិត Footprints International School Library Network Toul Kork Campus Footprints International School Library Network Toul Kork Campus TK Old Khmer Books (Rear Hallway Shelf 3) 03/21/2024   BRI 323.09 PZ7 FISTK03756 03/26/2024 2 03/21/2024 Khmer Books  
    Dewey Decimal Classification     Khmer Non-Fiction / សៀវភៅខ្មែរ រឿងពិត Footprints International School Library Network Toul Kork Campus Footprints International School Library Network Toul Kork Campus TK Old Khmer Books (Rear Hallway Shelf 3) 03/21/2024   BRI 323.09 PZ7 FISTK03755 03/26/2024 3 03/21/2024 Khmer Books  
    Dewey Decimal Classification     Khmer Non-Fiction / សៀវភៅខ្មែរ រឿងពិត Footprints International School Library Network Toul Kork Campus Footprints International School Library Network Toul Kork Campus TTP Secondary Khmer Bookshelves 03/21/2024 1 BRI 323.09 PZ7 FIS03902 03/11/2025 4 03/21/2024 Khmer Books 03/11/2025
    Dewey Decimal Classification     Khmer Non-Fiction / សៀវភៅខ្មែរ រឿងពិត Footprints International School Library Network Toul Tom Poung Campus Footprints International School Library Network Toul Tom Poung Campus TTP Primary Khmer Bookshelves 04/02/2025   BRI 323.09 PZ7 FISBK03813 04/02/2025 5 04/02/2025 Khmer Books